XML and Java : developing web applications
Saved in:
| Other Authors: | |
|---|---|
| Format: | Book |
| Language: | English |
| Published: |
Boston :
Addison-Wesley,
c2002
|
| Edition: | 2nd ed. |
| Subjects: | |
| Tags: |
Add Tag
No Tags, Be the first to tag this record!
|
MARC
| LEADER | 00000nam a2200000 i 4500 | ||
|---|---|---|---|
| 001 | 1/32695 | ||
| 008 | 060724s2002 eng d | ||
| 020 | |a 0-201-77004-0 | ||
| 035 | |l 10084745 | ||
| 040 | |a GR-MY-UA |b gre |e aacr | ||
| 041 | 0 | |a eng | |
| 082 | 0 | |a 005.72 |2 (22) | |
| 245 | 1 | 0 | |a XML and Java : |b developing web applications / |c Hiroshi Maruyama ... [et al.]. |
| 250 | |a 2nd ed. | ||
| 260 | |a Boston : |b Addison-Wesley, |c c2002 | ||
| 300 | |a xx, 661 σ.; |b εικ.; |c 24 εκ.+ |e 1 οπτική δισκέτα λέϊζερ Η/Υ (4 3/4 ίν.) | ||
| 504 | |a Περιλαμβάνει ευρετήριο | ||
| 650 | 0 | 0 | |a XML (Document markup language) |
| 650 | 0 | 0 | |a Java (Computer program language) |
| 650 | 0 | 0 | |a Web sites |x Design. |
| 700 | 1 | |a Maruyama, Hiroshi |d 1958- | |
| 852 | |a INST |b SYROS |e 20060724 |h 005.72 XML |p 005500004760 |q 005500004760 |t BK |y 0 | ||
| 852 | |a INST |b SYROS |e 20060724 |h 005.72 XML |p 005500004759 |q 005500004759 |t BK |y 0 | ||
| 901 | |a BIBL5-2006-2 | ||
| 909 | |a Ε |b 117603 | ||
| 909 | |a Ε |b 117604 | ||
| 920 | |a ΑΝΑΜΟΡΦΩΣΗ |b ΕΠΕΑΕΚ ΙΙ-ΤΜΣΠΣ |y ΣΥΡΟΣ |z 2006-06 | ||
| 970 | |a ΚΑΓΙΑΒΑ |b ΕΙΡΗΝΗ |z 2006/07/24 | ||